| 000 | 00774cam a22002413a 4500 | ||
|---|---|---|---|
| 001 | 2354 | ||
| 003 | PGUSA | ||
| 005 | 20140828083013.0 | ||
| 008 | 001001s2000||||xxu|||||s|||||000 | eng d | ||
| 040 |
_aPGUSA _beng |
||
| 042 | _adc | ||
| 050 | 4 | _aQH | |
| 100 | 1 |
_aHuxley, Thomas Henry, _d1825-1895 |
|
| 245 | 1 | 0 |
_aNote on the Resemblances and Differences in the Structure and the Development of the Brain in Man and Apes _h[electronic resource] / _cThomas Henry Huxley |
| 260 |
_bProject Gutenberg, _c2000 |
||
| 500 | _aFrom Descent of Man by Charles Darwin | ||
| 506 | _aPublic domain in the USA. | ||
| 516 | _aElectronic text | ||
| 653 | _aEvolution (Biology) | ||
| 830 | 0 |
_aProject Gutenberg _v2354 |
|
| 856 | 4 | 0 | _uhttp://www.gutenberg.org/ebooks/2354 |
| 942 | _cEB | ||
| 999 |
_c231691 _d231691 |
||